Rural banking and overdues management / (Record no. 125270)

MARC details
000 -LEADER
fixed length control field 00692nam a22002297a 4500
005 - DATE AND TIME OF LATEST TRANSACTION
control field 20170124105951.0
010 ## - LIBRARY OF CONGRESS CONTROL NUMBER
LC control number B-160889
020 ## - INTERNATIONAL STANDARD BOOK NUMBER
Terms of availability 495.00
International Standard Book Number 9798170999408
035 ## - SYSTEM CONTROL NUMBER
System control number B-160889
037 ## - SOURCE OF ACQUISITION
Source of stock number/acquisition Cen Lib/Ret
040 ## - CATALOGING SOURCE
Original cataloging agency DPL
Language of cataloging EN
082 ## - DEWEY DECIMAL CLASSIFICATION NUMBER
Classification number 332.1
Item number RUR
245 ## - TITLE STATEMENT
Title Rural banking and overdues management /
Statement of responsibility, etc edited by A. Ranga Reddy
260 ## - PUBLICATION, DISTRIBUTION, ETC. (IMPRINT)
Place of publication, distribution, etc New Delhi
Name of publisher, distributor, etc Mittal Publication
Date of publication, distribution, etc 2004
270 ## - ADDRESS
City New Delhi
Address A-110, mohan garden
Postal code 110059
300 ## - PHYSICAL DESCRIPTION
Extent xii, 262p. :
Dimensions 21cm(Hb)
500 ## - GENERAL NOTE
General note Includes index
650 ## - SUBJECT ADDED ENTRY--TOPICAL TERM
Topical term or geographic name as entry element Economics
9 (RLIN) 80975
650 ## - SUBJECT ADDED ENTRY--TOPICAL TERM
Topical term or geographic name as entry element Banking management
9 (RLIN) 80976
700 ## - ADDED ENTRY--PERSONAL NAME
Personal name Reddy, A. Ranga
9 (RLIN) 80977
942 ## - ADDED ENTRY ELEMENTS (KOHA)
Source of classification or shelving scheme Dewey Decimal Classification
Koha item type English Books
Classification part 332.1
Call number suffix RUR
Holdings
Withdrawn status Lost status Damaged status Not for loan Home library Current library Date acquired Source of acquisition Cost, normal purchase price Total Checkouts Full call number Barcode Date last seen Copy number Cost, replacement price Price effective from Koha item type
        Central Library Central Library 20/06/2015 Cen Lib/Ret 495.00   332.1 RUR B-160889 20/06/2015 1 495.00 20/06/2015 English Books

© Delhi Public Library
Hit Counter
free hit counter